AH International Schools' Libraries

Sherlock Holmes: The Naval Treaty / (Record no. 49971)

MARC details
000 -LEADER
fixed length control field 01103nam a2200145 4500
020 ## - INTERNATIONAL STANDARD BOOK NUMBER
International Standard Book Number 9781782264156
100 ## - MAIN ENTRY--PERSONAL NAME
Personal name Doyle, Arthur Conan, Sir,
Relator term author.
9 (RLIN) 87029
245 ## - TITLE STATEMENT
Title Sherlock Holmes: The Naval Treaty /
Statement of responsibility, etc written by Sir Arthur Conan Doyle.
260 ## - PUBLICATION, DISTRIBUTION, ETC. (IMPRINT)
Name of publisher, distributor, etc Sweet Cherry Publishing;
Date of publication, distribution, etc July 25, 2019.
300 ## - PHYSICAL DESCRIPTION
Extent 152 pages.
Dimensions 5.04 x 0.43 x 7.8 inches.
490 ## - SERIES STATEMENT
Series statement Sherlock Holmes
520 ## - SUMMARY, ETC.
Summary, etc Watson, Do you think you could bring your friend, Mr Sherlock Holmes, down to see me? My position at the Foreign Office seemed safe until this horrible disaster. I fear my career is ruined!<br/>War becomes a real possibility after a top-secret document is stolen from the Foreign Office. But why has the thief waited ten weeks to sell the treaty?<br/>Holmes and Watson are plunged into a world of international diplomacy only to find that danger can come from unexpected quarters.<br/><br/>A simplification of Arthur Conan Doyle's Sherlock Holmes, perfect for young fans of mystery books. A great introduction to classics for children aged 7+.
650 ## - SUBJECT ADDED ENTRY--TOPICAL TERM
9 (RLIN) 85970
Topical term or geographic name as entry element Criminal investigation
Form subdivision Fiction
942 ## - ADDED ENTRY ELEMENTS (KOHA)
Source of classification or shelving scheme
Koha item type Book
Holdings
Withdrawn status Lost status Source of classification or shelving scheme Damaged status Not for loan Home library Current library Date acquired Total Checkouts Full call number Barcode Date last seen Date checked out Price effective from Koha item type
          Logos International School Logos International School 12/11/2025 2 CB FIC DOY 100124 03/18/2026 03/18/2026 12/11/2025 Book

For any Logos Library related questions please contact Miss Art at swongnarasuk@asianhope.org.

For any Asian Hope Library related questions please contact Miss Raza at graza@asianhope.org.

Powered by Koha